000 00662nam a2200229Ia 4500
003 OSt
005 20220926035053.0
006 a|||||r|||| 00| 0
007 ta
008 220923b |||||||| |||| 00| 0 eng d
037 _cGeneral Book
040 _aRTL
_cRTL
_beng
041 _2eng
_aeng
082 _aX.5.N5, J6
110 _aOrganisation for European Economic Co-operation
245 0 _a7th Report
_b Economic expansion and its problems
260 _c1956
650 _aEconomic condition Europe
_9234055
700 _aOrganisation for European Economic Co-operation
942 _hX.5.N5, J6
_cGB
_2CC
999 _c661251
_d661251